000 00869cam a22002415a 4500
001 E144400
008 080716s2008 xxk f 000 0 eng d
035 _a(Sirsi) u144400
041 0 _aeng
050 0 4 _a693.5 $2 18
100 1 _aQuillin, Keith
110 2 _aBritish Research Establishment
_94859
245 0 0 _aCements with lower environmental impact
260 _aWatford
_bBRE
_c2008
300 _a4p.
_bill.
_c30cm.
490 0 _aBRE Information Paper
_vIP 7/08
520 _aDiscusses the development of calcium sulfoaluminate cement, which involves less environmental impact in its manufacture than traditional Portland cement.
521 _aAdvanced
590 _aKA
651 4 _aUnited Kingdom
_y
690 _aBUILT ENVIRONMENT-BUILDING MATERIALS-CEMENTITIOUS, CONCRETE AND MINERAL BOUND MATERIALS-CEMENTITIOUS MATERIALS AND BINDERS
942 _n0
999 _c108491
_d108491